[Event "Main Vogelsberg op 2nd"]
[Site "Grossauheim"]
[Date "2007.06.10"]
[Round "7"]
[White "Scharmann, Hartmut"]
[Black "Kalusok, Tim"]
[Result "1-0"]
[WhiteElo "1457"]
[BlackElo "855"]
[PlyCount "83"]
[EventDate "2007.06.07"]
[EventType "swiss"]
[EventRounds "7"]
[EventCountry "GER"]
[SourceTitle "EXT 2008"]
[Source "ChessBase"]
[SourceDate "2007.11.25"]
[SourceVersion "1"]
[SourceVersionDate "2007.11.25"]
[SourceQuality "1"]

1. e4 c6 2. d4 d5 3. exd5 cxd5 4. Nf3 Nf6 5. Nc3 Nc6 6. Bb5 Bd7 7. 0-0 e6 8. Re1 a6 9. Ba4 Bd6 10. Bb3 0-0 11. Ne2 Re8 12. a3 e5 13. dxe5 Nxe5 14. Ned4 Nxf3+ 15. Nxf3 Bc6 16. Bg5 Be7 17. c3 Ne4 18. Be3 Bg5 19. Nxg5 Nxg5 20. Qg4 h6 21. Bc2 g6 22. h4 Nh7 23. Bxh6 Bd7 24. Qd4 Nf6 25. Bg5 Kg7 26. Rxe8 Bxe8 27. Re1 Qd6 28. Bb3 Bc6 29. Bxd5 Qxd5 30. Qxf6+ Kg8 31. f3 Qc5+ 32. Kh2 Qf8 33. Qf4 Kh7 34. Re7 Bd5 35. Qe5 Rd8 36. h5 gxh5 37. Qf5+ Kg8 38. Bh4 Rd6 39. Bf6 b5 40. Qg5+ Kh7 41. Re8 Qh6 42. Rh8# 1-0

[Event "Main Vogelsberg op 2nd"]
[Site "Grossauheim"]
[Date "2007.06.09"]
[Round "5"]
[White "Grass, Ernest"]
[Black "Kalusok, Tim"]
[Result "1-0"]
[WhiteElo "1750"]
[BlackElo "855"]
[PlyCount "41"]
[EventDate "2007.06.07"]
[EventType "swiss"]
[EventRounds "7"]
[EventCountry "GER"]
[SourceTitle "EXT 2008"]
[Source "ChessBase"]
[SourceDate "2007.11.25"]
[SourceVersion "1"]
[SourceVersionDate "2007.11.25"]
[SourceQuality "1"]

1. e4 c6 2. d4 d5 3. Nc3 Nf6 4. e5 Ne4 5. Nxe4 dxe4 6. c3 e6 7. Bc4 f5 8. exf6 Qxf6 9. Ne2 Bd6 10. Qc2 0-0 11. Be3 Qf5 12. Ng3 Bxg3 13. hxg3 Nd7 14. 0-0-0 c5 15. dxc5 Nxc5 16. Bxc5 Qxc5 17. Qxe4 g6 18. Bxe6+ Bxe6 19. Qxe6+ Rf7 20. Rxh7 Raf8 21. Qxg6+ 1-0

[Event "Main Vogelsberg op 2nd"]
[Site "Grossauheim"]
[Date "2007.06.09"]
[Round "4"]
[White "Kalusok, Tim"]
[Black "Grueneschild, Hildegard"]
[Result "1-0"]
[WhiteElo "855"]
[BlackElo "1417"]
[PlyCount "119"]
[EventDate "2007.06.07"]
[EventType "swiss"]
[EventRounds "7"]
[EventCountry "GER"]
[SourceTitle "EXT 2008"]
[Source "ChessBase"]
[SourceDate "2007.11.25"]
[SourceVersion "1"]
[SourceVersionDate "2007.11.25"]
[SourceQuality "1"]

1. Nf3 Nf6 2. g3 g6 3. Bg2 Bg7 4. d4 d6 5. c3 0-0 6. 0-0 c6 7. Re1 Bf5 8. Nbd2 Qd7 9. e4 Bg4 10. Qc2 Bh3 11. Kf1 Bxg2+ 12. Kxg2 Na6 13. e5 dxe5 14. Nxe5 Qd5+ 15. Ndf3 b5 16. Qd3 Nc7 17. b3 Qd6 18. c4 Rac8 19. c5 Qd5 20. h3 Nd7 21. Nxd7 Qxd7 22. Ne5 Qd5+ 23. Qe4 Qxe4+ 24. Rxe4 Nd5 25. Bd2 f5 26. Ree1 Rfe8 27. a4 b4 28. a5 e6 29. Nc4 Bxd4 30. Nd6 Bxa1 31. Nxe8 Rxe8 32. Rxa1 a6 33. g4 Kf7 34. Re1 e5 35. Kf1 f4 36. f3 g5 37. Re2 Kf6 38. Ke1 Rb8 39. Kd1 Rb5 40. Re4 Nc3+ 41. Bxc3 bxc3 42. Kc2 Rxc5 43. b4 Rd5 44. Kxc3 Ke6 45. Rc4 Kd6 46. Kb3 Rd3+ 47. Rc3 Rd1 48. Ka4 Rd4 49. Kb3 Rd5 50. Ka4 c5 51. b5 axb5+ 52. Kxb5 c4+ 53. Kb4 Rc5 54. Rxc4 Rd5 55. a6 Rd4 56. Rxd4+ exd4 57. a7 d3 58. a8Q Ke5 59. Qe8+ Kd4 60. Qe4# 1-0

[Event "Main Vogelsberg op 2nd"]
[Site "Grossauheim"]
[Date "2007.06.07"]
[Round "2"]
[White "Kalusok, Tim"]
[Black "Muchamedov, Sergej"]
[Result "0-1"]
[WhiteElo "855"]
[BlackElo "1463"]
[PlyCount "68"]
[EventDate "2007.06.07"]
[EventType "swiss"]
[EventRounds "7"]
[EventCountry "GER"]
[SourceTitle "EXT 2008"]
[Source "ChessBase"]
[SourceDate "2007.11.25"]
[SourceVersion "1"]
[SourceVersionDate "2007.11.25"]
[SourceQuality "1"]

1. Nf3 Nc6 2. g3 e5 3. Bg2 d5 4. d3 Be6 5. 0-0 f6 6. e4 d4 7. Nbd2 Qd7 8. c4 Bh3 9. b3 Bxg2 10. Kxg2 Nb4 11. Qe2 h5 12. Rh1 g5 13. a3 Nc6 14. h3 0-0-0 15. Ng1 Bd6 16. f3 Nge7 17. g4 Ng6 18. Qe1 Nf4+ 19. Kf2 Nxd3+ 20. Kg2 Nxe1+ 21. Kf1 Nd3 22. Ne2 hxg4 23. fxg4 Nf4 24. Nxf4 exf4 25. b4 Ne5 26. c5 Be7 27. a4 Nxg4 28. Kg2 Ne3+ 29. Kf2 Rxh3 30. Rxh3 Qxh3 31. Ke1 Qh1+ 32. Ke2 d3+ 33. Kf2 Rh8 34. Nf3 Qg2+ 0-1